[Event "Romania blitz online op final"]
[Site "Chess.com INT"]
[Date "2020.05.06"]
[Round "2"]
[White "Filip, Andrei"]
[Black "Tunaru, Alexandru A"]
[Result "0-1"]
[WhiteElo "2003"]
[BlackElo "2107"]
[PlyCount "90"]
[EventDate "2020.05.06"]
[EventType "swiss (blitz)"]
[EventRounds "9"]
[EventCountry "ROU"]
[SourceTitle "CBM 196 Extra"]
[Source "ChessBase"]
[SourceDate "2020.07.31"]
[SourceVersion "1"]
[SourceVersionDate "2020.07.31"]
[SourceQuality "1"]

1. e4 c5 2. Nf3 Nc6 3. d4 cxd4 4. Nxd4 Nf6 5. Nc3 e6 6. Nxc6 bxc6 7. e5 Nd5 8. Ne4 Qc7 9. f4 Qb6 10. Qf3 Bb7 11. Bd3 Be7 12. c4 Bb4+ 13. Ke2 f5 14. Nd6+ Bxd6 15. cxd5 Bc5 16. dxe6 dxe6 17. Rb1 0-0 18. Be3 Rad8 19. Rhd1 Rxd3 20. Rxd3 Ba6 21. Bxc5 Qxc5 22. Rbd1 Rd8 23. Ke1 Bxd3 24. Rxd3 Qc1+ 25. Rd1 Rxd1+ 26. Qxd1 Qe3+ 27. Kf1 Qxf4+ 28. Kg1 Qxe5 29. Qd8+ Kf7 30. Qd7+ Kg6 31. Qe8+ Kh6 32. h3 Qe1+ 33. Kh2 Qe5+ 34. Kg1 c5 35. Qb5 Qe3+ 36. Kh1 Kg5 37. Qf1 Kh4 38. Qd1 Kg3 39. Qd6+ f4 40. Qd1 h5 41. Qf1 Qf2 42. Qd3+ Kh4 43. Qd1 Kg3 44. Qd3+ f3 45. gxf3 Qg2# 0-1

[Event "Romania blitz online op final"]
[Site "Chess.com INT"]
[Date "2020.05.06"]
[Round "3"]
[White "Tunaru, Alexandru A"]
[Black "Tecu, Ion"]
[Result "1-0"]
[WhiteElo "2107"]
[BlackElo "1936"]
[PlyCount "65"]
[EventDate "2020.05.06"]
[EventType "swiss (blitz)"]
[EventRounds "9"]
[EventCountry "ROU"]
[SourceTitle "CBM 196 Extra"]
[Source "ChessBase"]
[SourceDate "2020.07.31"]
[SourceVersion "1"]
[SourceVersionDate "2020.07.31"]
[SourceQuality "1"]

1. e4 c5 2. Nf3 e6 3. Qe2 d6 4. g3 Be7 5. Bg2 Nf6 6. c3 Nc6 7. 0-0 0-0 8. h4 Rb8 9. a4 a6 10. Na3 Qc7 11. d4 b6 12. Bf4 e5 13. dxe5 dxe5 14. Bg5 h6 15. Bxf6 Bxf6 16. Nc4 Bg4 17. Ne3 Bxf3 18. Bxf3 Ne7 19. Qxa6 Rfd8 20. Rfd1 Rxd1+ 21. Rxd1 Rd8 22. Qc4 Rxd1+ 23. Bxd1 Qd6 24. Bb3 Qd2 25. Nf5 Qd8 26. Qxf7+ Kh7 27. Nxe7 Bxe7 28. Be6 Bf6 29. h5 Kh8 30. Qg6 Qe7 31. Bf5 Kg8 32. Qh7+ Kf8 33. Bg6 1-0

[Event "Arad op 12th"]
[Site "Arad"]
[Date "2019.07.31"]
[Round "9"]
[White "Pislariu, Stefanel Vasilica"]
[Black "Tunaru, Alexandru A"]
[Result "1/2-1/2"]
[WhiteElo "1934"]
[BlackElo "2111"]
[PlyCount "91"]
[EventDate "2019.07.24"]
[EventType "swiss"]
[EventRounds "9"]
[EventCountry "ROU"]
[SourceTitle "CBM 191 Extra"]
[Source "ChessBase"]
[SourceDate "2019.09.30"]
[SourceVersion "1"]
[SourceVersionDate "2019.09.30"]
[SourceQuality "1"]

1. d4 Nf6 2. c4 e5 3. dxe5 Ng4 4. Nf3 Bc5 5. e3 Nc6 6. Be2 0-0 7. Nc3 Ngxe5 8. Nxe5 Nxe5 9. 0-0 Re8 10. Ne4 Bf8 11. Ng3 Bc5 12. Ne4 Bf8 13. Ng3 a5 14. f4 Ng6 15. e4 Bc5+ 16. Kh1 d6 17. f5 Nf8 18. Bh5 Qf6 19. Qg4 Nd7 20. Bg5 Qxb2 21. Bxf7+ Kxf7 22. Qh5+ Kf8 23. f6 Nxf6 24. Bxf6 gxf6 25. Qh6+ Ke7 26. Nh5 Bd4 27. Rab1 Qe2 28. Nxf6 Bxf6 29. Qxf6+ Kd7 30. Qf5+ Re6 31. Qxh7+ Kc6 32. Rf7 Bd7 33. Rxd7 Rc8 34. Re7 Qxa2 35. Rc1 Rxe7 36. Qxe7 Rg8 37. g3 Qf2 38. Rg1 b6 39. Qe6 Qf3+ 40. Rg2 Qf1+ 41. Rg1 Qf3+ 42. Rg2 Rg5 43. Qh6 Qf1+ 44. Rg1 Qf3+ 45. Rg2 Rc5 46. h4 1/2-1/2

[Event "Arad op 12th"]
[Site "Arad"]
[Date "2019.07.30"]
[Round "8"]
[White "Tunaru, Alexandru A"]
[Black "Tampea, Radu"]
[Result "1-0"]
[WhiteElo "2111"]
[BlackElo "1913"]
[PlyCount "89"]
[EventDate "2019.07.24"]
[EventType "swiss"]
[EventRounds "9"]
[EventCountry "ROU"]
[SourceTitle "CBM 191 Extra"]
[Source "ChessBase"]
[SourceDate "2019.09.30"]
[SourceVersion "1"]
[SourceVersionDate "2019.09.30"]
[SourceQuality "1"]

1. e4 c5 2. Nf3 Nc6 3. Qe2 g6 4. g3 Bg7 5. Bg2 e5 6. 0-0 Nge7 7. d3 0-0 8. c3 d6 9. a3 f5 10. exf5 gxf5 11. Bg5 h6 12. Bxe7 Nxe7 13. b4 cxb4 14. axb4 Qc7 15. Ra3 Bd7 16. Qa2+ d5 17. Rxa7 Rxa7 18. Qxa7 Bb5 19. c4 dxc4 20. Na3 Bc6 21. dxc4 Rd8 22. b5 Bxf3 23. Bxf3 e4 24. Bg2 Bd4 25. Qa4 Qc5 26. Nb1 Ng6 27. Bh3 f4 28. Qc2 Qe5 29. Kg2 Kg7 30. Nd2 Re8 31. Re1 f3+ 32. Kg1 Bxf2+ 33. Kxf2 e3+ 34. Kxf3 Rf8+ 35. Kg2 Rf2+ 36. Kg1 Rxd2 37. Qf5 Qd4 38. Qf3 e2+ 39. Kg2 Ne5 40. Qxb7+ Kf6 41. Qa8 Nxc4 42. Qh8+ Kg6 43. Qg8+ Kh5 44. Qf7+ Kg5 45. Qf5# 1-0